<?xml version="1.0" encoding="UTF-8"?>
<record
    xmlns:xsi="http://www.w3.org/2001/XMLSchema-instance"
    xsi:schemaLocation="http://www.loc.gov/MARC21/slim http://www.loc.gov/standards/marcxml/schema/MARC21slim.xsd"
    xmlns="http://www.loc.gov/MARC21/slim">

  <leader>01537ntm a2200349 a 4500</leader>
  <controlfield tag="003">OSt</controlfield>
  <controlfield tag="005">20170606153546.0</controlfield>
  <controlfield tag="008">170606s2017    spc||||f|m||||||| ||spa|d</controlfield>
  <datafield tag="020" ind1=" " ind2=" ">
    <subfield code="a">9788416418954</subfield>
  </datafield>
  <datafield tag="040" ind1=" " ind2=" ">
    <subfield code="a">ES-BaCBU</subfield>
    <subfield code="b">cat</subfield>
    <subfield code="c">CDMR</subfield>
  </datafield>
  <datafield tag="100" ind1="1" ind2=" ">
    <subfield code="a">Mart&#xED;nez Fern&#xE1;ndez, Jes&#xFA;s </subfield>
  </datafield>
  <datafield tag="245" ind1="1" ind2="0">
    <subfield code="a">Copia y pega </subfield>
    <subfield code="b">: c&#xF3;mo las multinacionales construyen las noticias :</subfield>
    <subfield code="b">los breves de empresa en los diarios "La Vanguardia" y "El Mundo de Catalunya" : estudio de similitud entre los breves y las notas de prensa /</subfield>
    <subfield code="c">Jes&#xFA;s Mart&#xED;nez Fern&#xE1;ndez ; dirigida per Josep Llu&#xED;s Mic&#xF3; i Francesc Pozo</subfield>
  </datafield>
  <datafield tag="260" ind1=" " ind2=" ">
    <subfield code="a">Barcelona,</subfield>
    <subfield code="c">2017</subfield>
  </datafield>
  <datafield tag="300" ind1=" " ind2=" ">
    <subfield code="a">836 p. ;</subfield>
    <subfield code="c">30 cm</subfield>
  </datafield>
  <datafield tag="502" ind1=" " ind2=" ">
    <subfield code="a">Tesi doctoral - Universitat Ramon Llull, Facultat de Comunicaci&#xF3; i Relacions Internacionals Blanquerna, 2017</subfield>
  </datafield>
  <datafield tag="504" ind1=" " ind2=" ">
    <subfield code="a">Bibliografia</subfield>
  </datafield>
  <datafield tag="530" ind1=" " ind2=" ">
    <subfield code="a">Tamb&#xE9; disponible en l&#xED;nia</subfield>
  </datafield>
  <datafield tag="610" ind1="2" ind2="4">
    <subfield code="a">La Vanguardia (Diari)</subfield>
    <subfield code="9">1150</subfield>
  </datafield>
  <datafield tag="610" ind1="2" ind2="4">
    <subfield code="a">El Mundo (Diari)</subfield>
    <subfield code="9">3493</subfield>
  </datafield>
  <datafield tag="650" ind1="0" ind2="7">
    <subfield code="a">Comunicaci&#xF3; en l'empresa</subfield>
    <subfield code="2">lemac</subfield>
    <subfield code="9">2798</subfield>
  </datafield>
  <datafield tag="650" ind1=" " ind2="7">
    <subfield code="a">Empreses multinacionals</subfield>
    <subfield code="2">lemac </subfield>
  </datafield>
  <datafield tag="650" ind1="0" ind2="7">
    <subfield code="a">Premsa</subfield>
    <subfield code="2">lemac </subfield>
    <subfield code="9">1545</subfield>
  </datafield>
  <datafield tag="650" ind1=" " ind2="7">
    <subfield code="a">Periodisme</subfield>
    <subfield code="x">&#xC8;tica professional</subfield>
    <subfield code="2">lemac </subfield>
  </datafield>
  <datafield tag="650" ind1=" " ind2="7">
    <subfield code="a">Plagi</subfield>
    <subfield code="2">lemac</subfield>
  </datafield>
  <datafield tag="650" ind1=" " ind2="7">
    <subfield code="a">Control autom&#xE0;tic</subfield>
    <subfield code="2">lemac </subfield>
  </datafield>
  <datafield tag="655" ind1=" " ind2="7">
    <subfield code="a">Tesis i dissertacions acad&#xE8;miques</subfield>
    <subfield code="2">lemac   </subfield>
  </datafield>
  <datafield tag="700" ind1="1" ind2=" ">
    <subfield code="a">Mic&#xF3;, Josep Llu&#xED;s</subfield>
    <subfield code="d">1974-,</subfield>
    <subfield code="e">dir.</subfield>
    <subfield code="9">2519</subfield>
  </datafield>
  <datafield tag="700" ind1="1" ind2=" ">
    <subfield code="a">Pozo Montero, Francesc,</subfield>
    <subfield code="e">dir.</subfield>
  </datafield>
  <datafield tag="710" ind1="2" ind2=" ">
    <subfield code="a">Facultat de Ci&#xE8;ncies de la Comunicaci&#xF3; Blanquerna</subfield>
    <subfield code="9">3392</subfield>
  </datafield>
  <datafield tag="856" ind1="4" ind2="1">
    <subfield code="z">(Acc&#xE9;s lliure)</subfield>
    <subfield code="u">http://www.tdx.cat/handle/10803/399219</subfield>
    <subfield code="y">Disponible en l&#xED;nia</subfield>
  </datafield>
  <datafield tag="942" ind1=" " ind2=" ">
    <subfield code="c">MON</subfield>
  </datafield>
  <datafield tag="999" ind1=" " ind2=" ">
    <subfield code="c">7043</subfield>
    <subfield code="d">7043</subfield>
  </datafield>
  <datafield tag="952" ind1=" " ind2=" ">
    <subfield code="0">0</subfield>
    <subfield code="1">0</subfield>
    <subfield code="4">0</subfield>
    <subfield code="7">0</subfield>
    <subfield code="a">CDMR</subfield>
    <subfield code="b">CDMR</subfield>
    <subfield code="d">2017-06-06</subfield>
    <subfield code="e">Donaci&#xF3;</subfield>
    <subfield code="g">29.00</subfield>
    <subfield code="l">0</subfield>
    <subfield code="o">Dg 34</subfield>
    <subfield code="p">CDMR17060002</subfield>
    <subfield code="r">2017-06-06</subfield>
    <subfield code="v">29.00</subfield>
    <subfield code="w">2017-06-06</subfield>
    <subfield code="y">MON</subfield>
  </datafield>
</record>
